[Event "ICS Rated blitz match"]
[Site "204.178.125.65"]
[Date "1999.08.23"]
[Round "?"]
[White "MissSilicon"]
[Black "Hossa"]
[Result "1-0"]
[WhiteElo "2694"]
[BlackElo "2454"]
[PlyCount "120"]

1. e4 e5 2. Nf3 Nc6 3. Bc4 Nf6 4. Ng5 d5 5. exd5 Na5 6. Bb5+ c6 7. dxc6 bxc6 8.
Qf3 Qc7 9. Ne4 Be7 10. Nxf6+ Bxf6 11. Nc3 O-O 12. Bd3 Nb7 13. O-O Nc5 14. Ne4
Nd7 15. Bc4 Be7 16. d3 Rb8 17. Qg3 Nf6 18. Nxf6+ Bxf6 19. Re1 Qd7 20. b3 Qd4
21. Be3 Qc3 22. Qf3 Bd7 23. Bc5 Rfe8 24. Rac1 Rb7 25. b4 Rd8 26. Be7 Bxe7 27.
Qxf7+ Kh8 28. Qxe7 Re8 29. Qf7 Qxb4 30. Rxe5 Rbb8 31. Rxe8+ Rxe8 32. c3 Qd6 33.
d4 Rf8 34. Qh5 Qf4 35. Rf1 Qd2 36. Qc5 Ra8 37. Qb4 Bf5 38. Qa3 a5 39. Qc1 Qxc1
40. Rxc1 Re8 41. Kf1 h6 42. Re1 Rxe1+ 43. Kxe1 Be4 44. Bf1 Bb1 45. a3 Bf5 46.
Kd2 Be6 47. Kd3 g5 48. Ke4 Bc8 49. Ke5 Kg7 50. Kd6 c5 51. d5 Bf5 52. Ke7 g4 53.
d6 h5 54. d7 Bxd7 55. Kxd7 h4 56. Kc6 Kf6 57. Kxc5 Ke5 58. a4 Ke4 59. Kb6 Ke5
60. c4 60... Ke6 {Hossa resigns} 1-0

[Event "ICS Rated blitz match"]
[Site "204.178.125.65"]
[Date "1999.08.23"]
[Round "?"]
[White "Hossa"]
[Black "Beadle"]
[Result "0-1"]
[WhiteElo "2448"]
[BlackElo "2497"]
[PlyCount "79"]

1. d4 Nf6 2. c4 e6 3. Nc3 Bb4 4. Bg5 c5 5. d5 d6 6. e4 Bxc3+ 7. bxc3 O-O 8. Bd3
Re8 9. Ne2 Nbd7 10. O-O h6 11. Bh4 exd5 12. cxd5 Nb6 13. f3 Bd7 14. c4 Rc8 15.
Qc1 Na4 16. Rb1 Rc7 17. Qf4 g5 18. Bxg5 hxg5 19. Qxd6 Bc8 20. Qg3 Nh5 21. Qf2
Qf6 22. Qe1 Bd7 23. f4 Nxf4 24. Nxf4 gxf4 25. Rb3 Nb2 26. Rf2 Nxd3 27. Rxd3 Qh6
28. e5 Bf5 29. Ra3 Rce7 30. Qf1 Rxe5 31. Rxf4 Bg6 32. Rh3 Qg7 33. Ra3 Re1 34.
Raf3 Rxf1+ 35. Rxf1 Be4 36. R4f2 Bd3 37. Rc1 Qc3 38. Rff1 Qd4+ 39. Kh1 Bxf1 40.
Rxf1 {Hossa resigns} 0-1

[Event "ICS Rated blitz match"]
[Site "204.178.125.65"]
[Date "1999.08.23"]
[Round "?"]
[White "Hossa"]
[Black "Beadle"]
[Result "0-1"]
[WhiteElo "2434"]
[BlackElo "2508"]
[Annotator "Fritz 5.32 (15s)"]
[PlyCount "55"]

1. d4 1... Nf6 {Opening = E30 - 4.Bg5(h6 5.Bh4 c5 6.d5 ---)} 2. c4 e6 3. Nc3
Bb4 4. Bg5 c5 5. d5 d6 6. e4 (6. e3 Qe7 7. Nge2 exd5 8. a3 Bxc3+ 9. Nxc3 dxc4
10. Bxc4 Be6 11. Nb5 Bxc4 12. Nxd6+ Kf8 13. Nxc4 Nc6 14. O-O Qe6 15. Qd6+ Qxd6
16. Nxd6 b6 17. Rac1 Nd7 18. Rfd1 f6 19. Bf4 Nce5 20. b4 cxb4 21. axb4 a5 22.
bxa5 bxa5 23. Rc7 h5 24. h3 g5 25. Bxe5 Nxe5 26. f4 gxf4 27. exf4 Ng6 28. Nf5
Nxf4 29. Rd6 Rg8 30. Rxf6+ Ke8 31. Nd6+ Kd8 32. Rff7 32... Rxg2+ {
1-0 Hort,V-Miles,A/Porz 1981/MCL (32)}) (6. a3 Bxc3+ 7. bxc3 e5 8. e3 Qa5 9.
Ne2 Nbd7 10. Qc2 a6 11. Ng3 O-O 12. Bd3 h6 13. Bxf6 Nxf6 14. O-O b5 15. cxb5
axb5 16. c4 bxc4 17. Bxc4 Bd7 18. Rfb1 Rfb8 19. Rxb8+ Rxb8 20. f3 20... g6 {
Granath,S-Haanpaa,J/Tampere 1994/EXT 99/0-1 (62)}) 6... Bxc3+ 7. bxc3 7... O-O
$146 (7... h6 8. Bxf6 Qxf6 9. Qd2 e5 10. Ne2 Nd7 11. Ng3 Nf8 12. Be2 Qg5 13. h4
Qe7 14. Nh5 g6 15. Ng3 f5 16. O-O-O f4 17. Nf1 Nd7 18. f3 O-O 19. g3 Kh7 20.
Bd3 a6 21. Qg2 Nf6 22. gxf4 {Bangiev,A-Utemov,V/Simferopol 1989/EXT 97/1-0 (41)
}) 8. Bd3 Re8 9. Ne2 Nbd7 10. O-O h6 11. Bh4 exd5 12. cxd5 12... Nb6 $11 (12...
c4 13. Bxc4 Rxe4 14. Bxf6 Nxf6 15. Nd4 $15) 13. f3 {Staerkt g4} 13... Bd7 14.
c4 Rc8 15. Qc1 15... Rc7 $14 (15... Qe7 16. Qa3 Ra8 17. Qb2 $11) 16. Qf4 $11 (
16. f4 Bg4 17. Ng3 17... Qe7 $16) 16... g5 17. Bxg5 hxg5 18. Qxd6 $15 (18.
Qxg5+ Kf8 19. Qh6+ Ke7 20. Qf4 $17) 18... Nc8 19. Qg3 Nh5 20. Qe1 Nd6 21. f4
$19 (21. Qf2 $5 $17 $142) 21... Nxe4 22. fxg5 Qxg5 23. Kh1 (23. Qc1 $19 $142)
23... Bg4 24. Qa5 (24. Bxe4 {holt die Kuh nicht vom Eis} 24... Rxe4 25. Qc1
25... Qh4 $19) 24... Rce7 {Mit der Drohung Bxe2} 25. Nc3 (25. Bxe4 {
sonst gehen die Lichter sofort aus} 25... Bxe2 26. Bf3 $19) 25... Nhg3+ 26.
hxg3 Qh6+ 27. Kg1 Qe3+ 28. Rf2 0-1

[Event "ICS rated blitz match"]
[Site "204.178.125.65"]
[Date "1999.08.23"]
[Round "?"]
[White "Panthee"]
[Black "Hossa"]
[Result "0-1"]
[WhiteElo "2216"]
[BlackElo "2421"]
[Annotator "Fritz 5.32 (16s)"]
[PlyCount "110"]

1. e4 1... e5 {Opening = C51 - 4.b4 (Bb4 5.c3 ---)} 2. Nf3 Nc6 3. Bc4 Bc5 4. b4
Bxb4 5. c3 Be7 6. d4 exd4 7. cxd4 d6 8. Qb3 Na5 9. Bxf7+ Kf8 10. Qa4 Kxf7 11.
Qxa5 c6 12. Qxd8 $146 (12. Qa4 Nf6 13. Nc3 Rf8 14. Qb3+ d5 15. Bg5 Kg8 16. O-O
Kh8 17. Bxf6 Bxf6 18. exd5 Bg4 19. Ne5 Bxe5 20. dxe5 Qg5 21. f4 Rxf4 22. Rxf4
Qxf4 23. Rf1 Qe3+ 24. Kh1 cxd5 25. Nxd5 Qxe5 26. Qxb7 26... Rg8 {
Espinoza Flores,R-Hernandez,G/MEX-ch plof 1994/EXT 97/ - (49)}) 12... Bxd8 13.
Bf4 Nf6 14. Nbd2 Be7 (14... Re8 15. Bxd6 Ba5 16. O-O Bxd2 17. Nxd2 Nxe4 18.
Nxe4 Rxe4 19. Be5 $15) 15. O-O Rf8 16. Rfe1 Kg8 17. Bg5 h6 18. Bh4 g5 19. Bg3
Bd7 (19... Nh5 20. Nf1 $15) 20. Nc4 d5 21. exd5 21... Nxd5 {
Der Springer steht auf d5 komfortabel} 22. Nfe5 $11 {
Ein schoenes Feld fuer den Springer} (22. Bd6 22... Rae8 $14) 22... Bf5 23. h3
$15 {Sichert g4} (23. Ne3 Nxe3 24. Rxe3 24... Rae8 $11) 23... Bb4 24. Re2 Rad8
25. Ne3 Bh7 26. Nf3 $17 (26. Nxd5 $5 26... Rxd5 27. Rc1 $15) 26... Nf6 $15 (
26... Bd3 27. Nxd5 Bxe2 28. Nxb4 Bxf3 29. gxf3 Rxd4 30. Nc2 $17) 27. Ng4 Nxg4
28. hxg4 28... Bc3 $11 {Greift den Isolani d4 an} (28... Rde8 $5 29. Be5 29...
Rf4 $15) 29. Rd1 $15 (29. Rc1 Bxd4 30. Nxd4 30... Rxd4 $11) 29... Rfe8 30.
Rxe8+ Rxe8 31. d5 cxd5 32. Rxd5 Bb1 33. a4 Be4 34. Rd7 $17 (34. Rc5 34... Bg7
$15) 34... Bc6 35. Rd3 Ba5 36. Rd4 Rd8 37. Rxd8+ Bxd8 38. Nd4 38... Bxa4 {
a7 setzt sich schnell in Bewegung} 39. Nf5 Kh7 40. Nd6 (40. f3 40... a5 $19)
40... Bc6 41. f3 Kg6 42. Kf2 b5 43. Ke3 a5 44. Nf5 Bf6 45. Kd3 45... Bd7 {
Schwarz fuehrt die Partie kraftvoll zu Ende} 46. Nd6 a4 47. Kc2 $4 {
macht die Sache nur schlimmer} (47. Ne4 Be7 48. Kc2 $19) 47... b4 (47... a3
$142 {liesse Weiss keine Chance} 48. Ne4 a2 49. Nxf6 $19) 48. Be1 (48. Ne4 Bd4
49. Bf2 b3+ 50. Kb1 Bxf2 51. Nxf2 $19) 48... b3+ 49. Kb1 49... a3 {
Mit der Mattdrohung a2} 50. Nc4 a2+ 51. Kc1 a1=Q+ 52. Kd2 Qc3+ (52... Qd4+ 53.
Ke2 Bb5 54. Bd2 Bxc4+ 55. Kd1 Qg1+ 56. Be1 Bc3 57. Kc1 Qxe1#) 53. Ke2 Qxc4+ 54.
Kf2 Qd4+ (54... Bd4+ 55. Kg3 Qf1 56. Kh2 Qg1+ 57. Kg3 Qxe1+ 58. Kh3 Qh4#) 55.
Kf1 (55. Kg3 {aendert nichts am Ausgang der Partie} 55... Be5+ 56. Kh3 Qg1 57.
f4 Bxf4 58. Bg3 Qh1+ 59. Bh2 Qxh2#) 55... Bb5# 0-1

[Event "ICS rated blitz match"]
[Site "204.178.125.65"]
[Date "1999.08.23"]
[Round "?"]
[White "Hossa"]
[Black "Panthee"]
[Result "1-0"]
[WhiteElo "2429"]
[BlackElo "2208"]
[Annotator "Fritz 5.32 (16s)"]
[PlyCount "39"]

1. c4 1... Nf6 {Opening = E90 - 5.Nf3(0-0 6.---)} 2. Nf3 g6 3. d4 Bg7 4. Nc3
O-O 5. e4 d6 6. Bf4 $146 (6. Bg5 h6 7. Bh4 Nbd7 8. h3 (8. Bd3 e5 9. d5 a5 10.
O-O Nc5 11. Bc2 g5 12. Bg3 Nh5 13. Nd2 (13. Ne2 Nf4 14. h4 Bg4 15. Nxf4 exf4
16. Bh2 Bxb2 17. Rb1 Be5 18. hxg5 hxg5 19. Bd3 f6 20. Qc2 Bxf3 21. gxf3 Qd7 22.
Be2 Qh3 23. Kh1 g4 24. Rg1 g3 25. fxg3 fxg3 26. Rg2 Kf7 27. f4 Bxf4 28. Rf1 Be5
29. Rf3 Rh8 30. Bf1 Qxh2+ 31. Rxh2 Rxh2+ 32. Qxh2 gxh2 33. Rh3 Rg8 34. Bg2 Nxe4
35. Rf3 35... Rg5 {0-1 Ovsiankina,K-Morkunaite,E/Bratislava 1993/TD (35)})
13... Nf4 14. Nb3 Nxb3 15. axb3 Bd7 16. Qd2 Qf6 17. Ra2 b6 18. Rfa1 Rac8 19.
Nb5 Kh8 20. b4 axb4 21. Qxb4 Nxg2 22. Kxg2 Bh3+ 23. Kxh3 Qf3 24. Rg1 g4+ 25.
Kh4 Bf6+ 26. Kh5 Rg8 27. Qc3 Rg5+ 28. Kxh6 Rg6+ 29. Kh5 29... Kg7 {
0-1 Root,A-Wright,J/Los Angeles 1991/TD (29)}) 8... c6 9. Be2 a6 10. O-O Nh5
11. Nh2 Nf4 12. Bf3 g5 13. Bg3 e5 14. d5 c5 15. Ng4 Rb8 16. a4 b6 17. Rb1 Nf6
18. Nxf6+ Qxf6 19. Bg4 Qg6 20. Bxc8 Rfxc8 21. Qg4 Rc7 22. Qf5 Bf6 23. Qxg6+
fxg6 24. f3 Kg7 25. Rfd1 Rbc8 26. Be1 a5 27. Kh2 Bd8 28. Ra1 Rf7 29. Ra3 Rf6
30. Rb3 Ra8 31. g3 Nh5 32. Nb5 Kh7 33. Kg2 Ng7 34. Bc3 Ne8 35. Rf1 Nc7 36. f4
gxf4 37. gxf4 Nxb5 38. Rxb5 Rxf4 39. Rxf4 exf4 40. Kf3 40... g5 {
Rasmussen,H-Buch,O/Lyngby 1974/EXT 98/1-0 (63)}) 6... Nbd7 7. Bg5 h6 8. Bh4
8... c6 {Staerkt b5+d5} 9. Bd3 Qe8 10. b3 e5 11. O-O $15 (11. d5 $5 $11) 11...
Nh7 $11 (11... g5 $5 {ist vielleicht staerker} 12. Bg3 g4 13. dxe5 13... Nh5
$17 (13... gxf3 $143 14. exf6 Bxf6 15. Rc1 $11)) 12. d5 {
Weiss engt den Gegner ein} 12... f5 {Spiel gegen die Bauernkette} 13. exf5 {
Weiss entwickelt eine toedliche Initiative} 13... gxf5 14. Re1 $17 (14. Bc2 $5
$11 $142 {sieht noch spielbar aus}) 14... e4 $11 (14... Qh5 15. c5 15... e4 $19
(15... Nxc5 $6 16. dxc6 Nxd3 17. Qxd3 $19)) 15. Nxe4 fxe4 ({Schwaecher ist} 
15... Bxa1 16. Nxd6 $1 {nun hat Weiss die besseren Moeglichkeiten} 16... Qg6
17. Qxa1 $18) 16. Bxe4 16... Qh5 $2 $18 (16... Nhf6 $142 {
damit waere Schwarz im Spiel geblieben} 17. Bh7+ Kxh7 18. Rxe8 Nxe8 19. dxc6
bxc6 20. Qc2+ 20... Kg8 $16) 17. Bxh7+ Kxh7 18. Ng5+ $3 {schoen geopfert} 18...
Kg6 (18... Qxg5 {koennte noch eine geringe Chance darstellen} 19. Bxg5 hxg5 20.
Qh5+ 20... Kg8 $18) 19. Re6+ Nf6 (19... Kf5 {nuetzt auch nichts mehr} 20. Qd3+
Kg4 21. Qh3+ Kf4 22. Re4#) 20. Qd3# 1-0

[Event "ICS rated blitz match"]
[Site "204.178.125.65"]
[Date "1999.08.23"]
[Round "?"]
[White "Panthee"]
[Black "Hossa"]
[Result "1-0"]
[WhiteElo "2201"]
[BlackElo "2436"]
[Annotator "Fritz 5.32 (16s)"]
[PlyCount "106"]

1. e4 1... e5 {Opening = C51 - 4.b4 (Bb4 5.c3 ---)} 2. Nf3 Nc6 3. Bc4 Bc5 4. b4
Bxb4 5. c3 Be7 6. Qb3 Nh6 7. d4 Na5 8. Qa4 Nxc4 9. Qxc4 Ng4 (9... exd4 10. cxd4
d6 11. O-O Bg4 12. Nc3 Bxf3 13. gxf3 Qd7 14. Kh1 Qc6 15. Qd3 Qa6 16. Nb5 O-O-O
17. Rb1 c6 18. Qc2 Kb8 19. Bxh6 gxh6 20. Nc3 Rhg8 21. Rfd1 b6 22. Rb2 Qc8 23.
Ne2 Rg7 24. Rdb1 {
Priborsky,J-Malinovsky,K/Svetla nad Sazavou 1998/EXT 99/1-0 (40)}) 10. dxe5 d6
11. exd6 11... Bxd6 $146 (11... cxd6 12. O-O O-O 13. Bf4 Qa5 14. Rd1 Be6 15.
Qd4 d5 16. Bg3 Bc5 17. Qd3 dxe4 18. Qxe4 Rad8 19. Nbd2 Qb6 20. Qe2 Rfe8 21.
Rab1 Qc6 22. Nb3 Bd5 23. Nfd4 Bxd4 24. Qxg4 Bxc3 25. Rbc1 b5 26. Qg5 {
Sipek,M-Szotek,J/CZE-chT1c 9495 1995/EXT 98/ - (64)}) 12. O-O $15 (12. h3 $5 {
muss beachtet werden} 12... Nh6 13. O-O $11) 12... O-O 13. h3 Ne5 14. Nxe5 Bxe5
15. f4 Bf6 16. e5 {Weiss erobert Raum} 16... Bh4 17. Be3 $15 (17. f5 Bg5 18.
Bxg5 18... Qxg5 $17) 17... Qd7 $11 (17... Bf5 $5 18. Bd4 18... Qd7 $15) 18. Nd2
(18. f5 18... Bd8 $11) 18... Rd8 19. Ne4 $17 (19. Rfd1 Qd3 20. Bd4 20... Qg3
$15) 19... a6 20. Qe2 Qc6 21. Bd4 Bf5 22. Nd2 Qg6 23. Kh1 $19 (23. Qf3 $5 $17)
23... Bd3 24. Qf3 Bxf1 25. Rxf1 Qc2 26. Ne4 Qxa2 27. f5 27... Qc2 $17 (27... b6
$5 $19 $142) 28. f6 28... g5 $11 (28... g6 $5 $17) 29. e6 {Mit der Idee Qh5}
29... Qb3 $4 $18 (29... Kh8 $11 $142 {haette die Niederlage vermieden}) 30. e7
$16 {Der Freibauer e7 greift sofort ein} (30. Qh5 Rd7 31. Nxg5 Qb1 32. Rxb1
fxe6 33. f7+ Kf8 34. Qh6+ Ke7 35. Qxe6+ Kd8 36. f8=Q#) 30... Rxd4 31. cxd4 Qxf3
32. Rxf3 32... Be1 $2 (32... h6 $18) 33. d5 $16 (33. Rf5 Bb4 34. Rxg5+ Kh8 35.
Rd5 Bxe7 36. fxe7 $18) 33... Bb4 34. Nxg5 {Weiss plant Rg3} 34... Rb8 $2 (34...
Bxe7 $142 35. fxe7 Re8 36. Nxf7 36... Rxe7 $18) 35. Rg3 {Droht Matt: Nf3} 35...
Re8 (35... Bxe7 {bot noch bessere Widerstandsmoeglichkeiten} 36. fxe7 f5 37.
Ne6+ Kf7 38. Rg7+ 38... Kf6 $18) 36. Ne6+ Kh8 37. Ng5 $11 (37. Nd8 Rxe7 38.
fxe7 h5 39. e8=Q+ Bf8 40. Qxf8+ Kh7 41. Qg7#) 37... Kg8 38. Ne6+ $11 (38. Nf3+
Kh8 39. Ne5 Rxe7 40. fxe7 h5 41. e8=Q+ Bf8 42. Qxf8+ Kh7 43. Qg7#) 38... Kh8
39. Nxc7 $18 {Der Freibauer d5 wird schnell zu einer gefaehrlichen Waffe} (39.
Nd8 Rxe7 40. fxe7 h5 41. e8=Q+ Bf8 42. Qxf8+ Kh7 43. Qg7#) 39... Rxe7 40. fxe7
{Es droht Matt} 40... Bxe7 41. Re3 (41. Rb3 $5 {
damit wuerde Weiss es sich noch erleichtern} 41... a5 42. Rxb7 42... h5 $18)
41... Bd6 42. Ne8 Bc5 43. Rc3 Bf2 (43... Bb4 {
kann das Vorangegangene nicht ungeschehen machen} 44. Rb3 Be1 45. Rxb7 $18) 44.
d6 Bh4 45. d7 (45. g3 Bg5 46. Rc8 46... h6 $18) 45... h5 46. Rc8 Kh7 47. Nd6 b6
(47... b5 48. Nf5 $1 {das war die Absicht} 48... Bf6 49. Re8 Kg6 50. Ne7+ Bxe7
51. Rxe7 b4 52. d8=Q f6 53. Qd3+ Kg5 54. Rg7+ Kf4 55. g3+ Ke5 56. Re7#) 48.
Nxf7 (48. g3 $142 {machte sofort alles klar} 48... Be7 49. Re8 49... Bf6 $18)
48... Kg6 49. Ne5+ Kf5 (49... Kg7 {haette noch versucht werden koennen} 50. Rb8
50... b5 $18) 50. Nf3 (50. Re8 Bf6 51. Nc6 Bg5 52. Nd4+ Kf4 53. Ne6+ Ke5 54.
Nxg5+ Kd5 55. d8=Q+ Kc5 56. Re4 b5 57. Ne6+ Kc6 58. Qc7+ Kd5 59. Re5#) 50...
Be7 (50... Ke6 {macht keinen grossen Unterschied} 51. d8=Q Bxd8 52. Rxd8 $18)
51. Re8 $1 {nun ist alles klar. Droht Matt} 51... Bf6 52. Rf8 (52. Nd4+ Kg6 53.
Re6 Kf7 54. Rxf6+ Ke7 55. Rf7+ Kxf7 56. d8=Q Kg7 57. Qd7+ Kg6 58. Qe6+ Kh7 59.
Qf7+ Kh8 60. Ne6 a5 61. Qg7#) 52... Ke6 53. Rxf6+ Ke7 (53... Kxd7 {
hilft auch nicht mehr} 54. Rxb6 a5 55. Rb5 $18) 1-0

[Event "ICS rated blitz match"]
[Site "204.178.125.65"]
[Date "1999.08.23"]
[Round "?"]
[White "Hossa"]
[Black "Panthee"]
[Result "1-0"]
[WhiteElo "2411"]
[BlackElo "2226"]
[Annotator "Fritz 5.32 (16s)"]
[PlyCount "43"]

1. c4 1... Nf6 {Opening = E90 - 5.Nf3(0-0 6.---)} 2. Nf3 g6 3. d4 Bg7 4. Nc3
O-O 5. e4 d6 6. Bf4 $146 (6. Bg5 h6 7. Bh4 Nbd7 8. h3 (8. Bd3 e5 9. d5 a5 10.
O-O Nc5 11. Bc2 g5 12. Bg3 Nh5 13. Nd2 (13. Ne2 Nf4 14. h4 Bg4 15. Nxf4 exf4
16. Bh2 Bxb2 17. Rb1 Be5 18. hxg5 hxg5 19. Bd3 f6 20. Qc2 Bxf3 21. gxf3 Qd7 22.
Be2 Qh3 23. Kh1 g4 24. Rg1 g3 25. fxg3 fxg3 26. Rg2 Kf7 27. f4 Bxf4 28. Rf1 Be5
29. Rf3 Rh8 30. Bf1 Qxh2+ 31. Rxh2 Rxh2+ 32. Qxh2 gxh2 33. Rh3 Rg8 34. Bg2 Nxe4
35. Rf3 35... Rg5 {0-1 Ovsiankina,K-Morkunaite,E/Bratislava 1993/TD (35)})
13... Nf4 14. Nb3 Nxb3 15. axb3 Bd7 16. Qd2 Qf6 17. Ra2 b6 18. Rfa1 Rac8 19.
Nb5 Kh8 20. b4 axb4 21. Qxb4 Nxg2 22. Kxg2 Bh3+ 23. Kxh3 Qf3 24. Rg1 g4+ 25.
Kh4 Bf6+ 26. Kh5 Rg8 27. Qc3 Rg5+ 28. Kxh6 Rg6+ 29. Kh5 29... Kg7 {
0-1 Root,A-Wright,J/Los Angeles 1991/TD (29)}) 8... c6 9. Be2 a6 10. O-O Nh5
11. Nh2 Nf4 12. Bf3 g5 13. Bg3 e5 14. d5 c5 15. Ng4 Rb8 16. a4 b6 17. Rb1 Nf6
18. Nxf6+ Qxf6 19. Bg4 Qg6 20. Bxc8 20... Rfxc8 {
Rasmussen,H-Buch,O/Lyngby 1974/EXT 98/1-0 (63)}) 6... Nbd7 7. Bg5 h6 8. Bh4
8... c6 {Ueberdeckt b5+d5} 9. Bd3 Qe8 10. b3 e5 11. O-O $15 (11. d5 $5 $11)
11... Nh7 $11 (11... g5 $5 {kommt in Betracht} 12. Bg3 g4 13. dxe5 13... Nh5
$17 (13... gxf3 $143 14. exf6 Bxf6 15. Rc1 $11)) 12. d5 {Raumvorteil} 12... f5
{Der thematische Vorstoss} 13. exf5 {
Weiss zwingt den Gegner mit starken Drohungen nieder} 13... gxf5 14. Re1 $17 (
14. Bc2 $5 $11 $142 {und Weiss spielt mit}) 14... e4 $11 (14... Qh5 15. c5
15... e4 $19 (15... Nxc5 $6 16. dxc6 Nxd3 17. Qxd3 $19)) 15. Nxe4 fxe4 ({Nicht
} 15... Bxa1 16. Nxd6 $1 {danach kommt Weiss in Vorteil} 16... Qg6 17. Qxa1 $18
) 16. Bxe4 16... Ne5 $16 (16... Nhf6 $5 17. Bh7+ Kxh7 18. Rxe8 Nxe8 19. dxc6
bxc6 20. Qc2+ 20... Kg8 $16) 17. dxc6 bxc6 18. Qxd6 18... Bd7 $4 $18 {
auch bessere Zuege haetten die Partie nicht gerettet.} (18... Qd7 $142 19. Rad1
Qxd6 20. Rxd6 Bf5 21. Nxe5 Bxe5 22. Rxc6 Bxe4 23. Rxe4 23... Rae8 $16) 19. Nxe5
Bxe5 (19... Nf6 {aendert den traurigen Lauf der Dinge nicht} 20. Bxf6 Rxf6 21.
Qxd7 $18) 20. Bxh7+ Kxh7 21. Rxe5 Qc8 (21... Qg6 {ist der letzte Rettungsanker}
22. Qxd7+ 22... Rf7 $18) 22. Re7+ (22. Re7+ Rf7 23. Rxf7+ Kg8 24. Qg6+ Kh8 25.
Bf6#) 1-0

[Event "ICS rated blitz match"]
[Site "204.178.125.65"]
[Date "1999.08.23"]
[Round "?"]
[White "Panthee"]
[Black "Hossa"]
[Result "0-1"]
[WhiteElo "2218"]
[BlackElo "2419"]
[Annotator "Fritz 5.32 (16s)"]
[PlyCount "52"]

1. e4 1... e5 {Opening = C59 - 4.Ng5 d5 5.ed5 Na5 6.Bb5 c6 7.dc6 bc6 8.Be2 h6}
2. Nf3 Nc6 3. Bc4 Nf6 4. Ng5 d5 5. exd5 Na5 6. Bb5+ c6 7. dxc6 bxc6 8. Be2 h6
9. Nf3 e4 10. Ne5 Bd6 11. d4 O-O 12. Bd2 Qc7 13. O-O Bxe5 14. dxe5 Qxe5 15. Bc3
Qf5 16. Qd2 $14 (16. Qd6 Nd5 17. Bd2 Nb7 18. Qxc6 18... Rd8 $16) 16... Nb7 17.
Na3 (17. Bxf6 Qxf6 18. Nc3 18... Rd8 $14) 17... Rd8 18. Qe1 Be6 19. Nc4 Bxc4
20. Bxc4 Nd5 21. Bd2 Nd6 22. Bb3 Qf6 23. c4 Nf4 24. Bc3 $15 (24. Bxf4 $5 {
sieht spielbar aus} 24... Qxf4 25. Qe3 Qxe3 26. fxe3 $11) 24... Qg5 {
Mit der Mattdrohung Qxg2} 25. g3 Qg4 26. Kh1 $4 (26. Bd1 $142 {
nur damit konnte man noch auf Rettung hoffen} 26... Qg6 27. Qe3 Nh3+ 28. Kg2
$11) 26... Qf3+ (26... Qf3+ 27. Kg1 Qg2#) 0-1

[Event "ICS rated blitz match"]
[Site "204.178.125.65"]
[Date "1999.08.23"]
[Round "?"]
[White "Hossa"]
[Black "Panthee"]
[Result "1-0"]
[WhiteElo "2427"]
[BlackElo "2210"]
[Annotator "Fritz 5.32 (16s)"]
[PlyCount "45"]

1. e4 1... c5 {Opening = B23 - 2.Nc3(Nc6 3.---)} 2. Nc3 a6 3. Be2 $146 (3. d3
b5 4. a4 (4. Be3 e6 5. g3 Bb7 6. Bg2 Nf6 7. h3 Qc7 8. Nf3 d5 9. Bf4 Qb6 10. e5
Nfd7 11. Qe2 Nc6 12. Nb1 Rc8 13. O-O Be7 14. h4 Nd4 15. Nxd4 cxd4 16. Rc1 b4
17. Nd2 O-O 18. Nf3 18... Rc6 {
Kornasiewicz,S-Cladouras,P/Liechtenstein 1988/EXT 97/0-1 (40)}) 4... bxa4 5.
Rxa4 d6 6. Nf3 Bd7 7. Ra3 Nc6 8. Be2 g6 9. O-O Bg7 10. Be3 Nf6 11. h3 O-O 12.
Qd2 a5 13. Rfa1 Qc7 14. Nd1 Rfb8 15. c3 Be6 16. c4 Ne8 17. Bh6 17... Bh8 {
Kasioura,F-Drosos,N/Aegina 1993/EXT 98/1-0 (77)}) (3. f4 b5 4. a4 b4 5. Nd5 Bb7
6. a5 e6 7. Nb6 Ra7 8. e5 d5 9. c3 Ne7 10. cxb4 Nec6 11. Qa4 c4 12. d4 Bxb4+
13. Bd2 Bxd2+ 14. Kxd2 O-O 15. Nf3 f6 16. g3 g5 17. Bh3 17... gxf4 {
Gutman,L-Bayer,E/Porz 1988/CBM 10/1-0 (29)}) (3. Nge2 d6 4. g3 h5 5. h3 e5 6.
f4 Nc6 7. f5 Nf6 8. Bg2 d5 9. Nxd5 Nxd5 10. exd5 Ne7 11. Nc3 Nxf5 12. Ne4 Nd6
13. Nxc5 Qb6 14. d4 Nf5 15. Ne4 Qxd4 16. Qe2 Bd7 17. c3 17... Qb6 {
Ivanov,A-Rashkovsky,N/Minsk 1985/MCD/0-1 (44)}) 3... e6 {Kontrolliert d5} 4.
Bf3 Qc7 5. Nge2 Be7 6. d4 d6 7. dxc5 dxc5 8. Bf4 e5 9. Nd5 Qd6 10. Bxe5 (10.
Be3 10... Nf6 $11) 10... Qxe5 11. Nb6 Nd7 12. Nxa8 Qb8 13. Qd2 Qxa8 14. O-O-O
Qb8 15. Bg4 Ngf6 16. Qg5 $17 (16. Bh3 $5 $15 {muss geprueft werden}) 16... Qc7
$11 (16... Nxe4 $5 $142 17. Qe3 17... Nef6 $17) 17. e5 $15 (17. Bxd7+ $5 17...
Bxd7 18. e5 $15 (18. Qxg7 $143 18... Rg8 19. Qh6 19... Rxg2 $17)) 17... Nxe5 $4
$16 {danach kann Schwarz alle Traeume begraben.} (17... Nxg4 $142 {
ist noch spielbar} 18. Qxg7 Qxe5 19. Qxg4 19... Nb6 $15) 18. Bxc8 18... O-O $18
(18... Nfg4 $5 $142 19. Qf4 19... Qxc8 $16) 19. Bh3 Ne4 (19... Nc4 20. Qf4
Qxf4+ 21. Nxf4 $18) 20. Qf5 20... Ng5 $2 (20... Nf6 $18) 21. f4 Nxh3 (21... Nc4
{holt die Kuh nicht vom Eis} 22. fxg5 Qa5 23. a3 $18) 22. fxe5 (22. gxh3 Nc4
23. b3 Qa5 24. bxc4 Qa3+ 25. Kb1 Qb4+ 26. Ka1 Bf6+ 27. c3 Bxc3+ 28. Nxc3 Qxc3+
29. Kb1 Qb4+ 30. Kc1 Qa3+ 31. Kd2 Qb2+ 32. Ke3 Re8+ 33. Kf3 Qe2+ 34. Kg3 g6 35.
Qxc5 Re3+ 36. Qxe3 Qxe3+ 37. Kg2 Qe2+ 38. Kg3 38... Qxc4 $19) (22. Qxe5 $6
22... Qxe5 23. fxe5 23... Nf2 $15) (22. Qxh3 $6 {ist naheliegend und schlecht}
22... Nc4 $18) 22... Ng5 23. Rd7 (23. Rd7 Qc8 24. Rhd1 $18) 1-0

[Event "ICS rated blitz match"]
[Site "204.178.125.65"]
[Date "1999.08.23"]
[Round "?"]
[White "Panthee"]
[Black "Hossa"]
[Result "0-1"]
[WhiteElo "2203"]
[BlackElo "2434"]
[Annotator "Fritz 5.32 (16s)"]
[PlyCount "41"]

1. e4 1... e5 {Opening = C59 - 4.Ng5 d5 5.ed5 Na5 6.Bb5 c6 7.dc6 bc6 8.Be2 h6}
2. Nf3 Nc6 3. Bc4 Nf6 4. Ng5 d5 5. exd5 Na5 6. Bb5+ c6 7. dxc6 bxc6 8. Be2 h6
9. Nf3 e4 10. Ne5 Bd6 11. d4 O-O 12. Bd2 $146 (12. O-O Qc7 13. h3 (13. Bd2 c5 (
13... Bxe5 14. dxe5 Qxe5 15. Bc3 Qf5 16. Qd6 Nd5 17. Bxa5 Nf4 18. Qd2 Qg5 19.
g3 Nxe2+ 20. Qxe2 Qxa5 21. Qxe4 Bh3 22. Re1 Rab8 23. Na3 Qh5 24. Nc4 Be6 25. b3
Bd5 26. Qf4 Rbe8 27. Re5 Rxe5 28. Qxe5 {
Honfi,K-Mestrovic,Z/Sarajevo 1966/EXT 98/ - (63)}) 14. Bxa5 Qxa5 15. Nc4 Qc7
16. Nxd6 Qxd6 17. dxc5 Qxc5 18. Nc3 Rb8 19. Qc1 Qe5 20. Rb1 Rb6 21. Qe3 Qb8 22.
b3 Re6 23. Rbd1 Re5 24. Rd4 Bb7 25. Rfd1 Nh7 26. Bc4 Ng5 27. Bd5 27... Rc8 {
Losev,D-Aliabiev,B/Moscow 1996/CBM 56 ext/1-0 (41)}) 13... c5 14. Nc4 Nxc4 15.
Bxc4 cxd4 16. b3 Bc5 17. Ba3 Rd8 18. Bxc5 Qxc5 19. Nc3 Bxh3 20. Nxe4 Nxe4 21.
gxh3 Qg5+ 22. Kh1 Qf5 23. Qg4 Qxg4 24. hxg4 Nd2 25. Rfd1 Nxc4 26. bxc4 26...
Rac8 {Mengelkamp,A-Wood,J/Belconnen 1994/EXT 99/0-1 (67)}) (12. f4 Qc7 13. O-O
c5 14. Nc3 cxd4 15. Nb5 Qb6 16. Nxd4 Bc5 17. c3 Rd8 18. Qe1 Bxd4+ 19. cxd4 Nd5
20. Qf2 Bb7 21. Bh5 f6 22. Bf7+ Kf8 23. Bxd5 Bxd5 24. Ng4 Nc6 25. b3 Kg8 26. f5
26... h5 {Amesz,J-Van Beek,L/Dieren 1998/EXT 99/0-1 (66)}) 12... Qc7 13. Bc3
13... Rd8 {Schwarz zwingt den Gegner mit starken Drohungen nieder} 14. Nd2 $11
(14. Qd2 $5 14... Nb7 15. Nc4 $14) 14... Bxe5 15. dxe5 Nd5 16. Bxa5 Qxa5 17.
O-O $4 $19 (17. c3 Nf4 18. Qc2 Qxe5 19. Nc4 (19. Qxe4 $2 {wird widerlegt durch}
19... Re8 20. Bf3 Qxe4+ 21. Bxe4 21... f5 $19) (19. Nxe4 Nxg2+ 20. Kf1 20...
Bf5 $19) 19... Nxg2+ 20. Kf1 $17) 17... Nf4 18. c3 Qxe5 19. Bc4 (19. Bf3 Nh3+
20. Kh1 $19) 19... Qg5 {Es droht Matt} 20. g3 Rxd2 21. Qxd2 (21. Qe1 {
ist vielleicht noch ein Schwindelversuch} 21... Nh3+ 22. Kh1 $19) 0-1